| 000 | 00855nam a22002537a 4500 | ||
|---|---|---|---|
| 003 | dpl | ||
| 005 | 20180622121426.0 | ||
| 008 | 180622b xxu||||| |||| 00| 0 eng d | ||
| 010 | _aB-228333 | ||
| 020 |
_c175.00 _a8179924327 |
||
| 035 | _aB-228333, B-228340 | ||
| 037 | _bCen Lib/Ret | ||
| 040 |
_aDPL _bEN _c0 |
||
| 082 |
_a658.4 _bGRI |
||
| 100 |
_aGriffiths, Andrew _998561 |
||
| 245 |
_a101 survival tips for your business / _cby Andrew Griffiths |
||
| 246 | _aOne hundread one survival tips for your business / | ||
| 260 |
_aMumbai _bJaico Publishing House _c2005 |
||
| 270 |
_bMumbai _a121 Mahatma Gandhi Road _e400 023 |
||
| 300 |
_axvi,232p. _c20cm(Hb) |
||
| 650 |
_aSmall business -- Management -- Handbooks, manuals, etc. _998562 |
||
| 650 |
_aSmall business -- Management. _914011 |
||
| 942 |
_2ddc _cEN _h658.4 _mGRI |
||
| 999 |
_c135810 _d135810 |
||